Wars named for places - Statistics

General Stats
  • This quiz has been taken 27 times
  • The average score is 7 of 28
Answer Stats
Combattants Year War % Correct
Argentina vs. United Kingdom 1982 Falklands War
75%
USA vs. Cuba 1961 Bay of Pigs Invasion
67%
Iraq vs. Kuwait, USA 1991 Gulf War
63%
Rome vs. Carthage 264-241 BC First Punic War
58%
UK, France, Ottomans vs. Russia 1853-1856 Crimean War
42%
Vietminh, Lao, China vs. France 1946-1954 First Indochina War
38%
Athens vs. Sparta 431-404 BC Peloponnesian War
38%
India vs. Pakistan 1965 Second Kashmir War
38%
Israel, UK, France vs. Egypt 1956 Suez Crisis
38%
Greece, Serbia, Bulgaria vs. Ottoman Empire 1912-1913 First Balkan War
33%
Sweden vs. Russia 1808-1809 Finnish War
25%
France vs. Milan, Naples 1499-1504 Second Italian War
21%
Holy Roman Empire, England vs. France, Spain 1701-1714 War of the Spanish Succession
21%
Prussia, France, Spain vs. Austria, Great Britain 1740-1748 War of the Austrian Succession
17%
Denmark vs. Germany 1848-1851 First Schleswig War
13%
Finland vs. Germany 1944-1945 Lapland War
13%
Chile vs. Bolivia, Peru 1879-1884 War of the Pacific
13%
Denmark vs. Sweden 1611-1613 Kalmar War
8%
France vs. Spain, Portugal, United Kingdom 1807-1814 Peninsular War
8%
Paraguay vs. Bolivia 1932-1935 Chaco War
4%
Spain vs. Peru, Chile 1864-1866 Chincha Islands War
4%
USA vs. Cheyenne, Arapaho 1863-1865 Colorado War
4%
Venice vs. Ottoman Empire 1645-1669 Cretan War
4%
Denmark vs. Sweden 1675-1679 Scanian War
4%
Russia vs. Poland-Lithuania 1632-1634 Smolensk War
4%
Byzantines vs. Sassanids (Persia) 526-532 Iberian War
0%
USA vs. Comanche 1874 Red River War
0%
Prussia vs. Austria 1778-1779 War of the Bavarian Succession
0%
No matching quizzes found
Score Distribution
Percent of People with Each Score
Percentile by Number Answered
Your Score History
You have not taken this quiz